Physique mesoscopique des electrons et des photons

Shranjeno v:
Bibliografske podrobnosti
Glavni avtor: Akkermans, Eric
Format: Knjiga
Jezik:Vietnamese
Izdano: EDP Sciences : CNRS Editions 2004
Oznake: Označite
Brez oznak, prvi označite!
Thư viện lưu trữ: Mạng thư viện Đại học Đà Nẵng
LEADER 00669nam a2200253 4500
001 000021719
003 18167
005 20150423080445.0
008 150423s2004 viesd
020 |c 00 
041 0 |a vie 
082 1 4 |a 539,721  |b AK-E 
100 1 |a Akkermans, Eric 
245 1 0 |a Physique mesoscopique des electrons et des photons  |c Eric Akkermans et Gilles Montambaux 
260 |b EDP Sciences : CNRS Editions  |c 2004 
300 |a tr.  |c cm. 
OWN |a LSP 
999 |a From the UDN01 
TYP |a Monograph 
TYP |a Printed language 
980 |a Mạng thư viện Đại học Đà Nẵng